000 00609nam a2200217Ia 4500
003 OSt
005 20220928144051.0
006 a|||||r|||| 00| 0
007 ta
008 220927b |||||||| |||| 00| 0 eng d
024 _a23995
037 _cTextual
040 _aSDCL
_cSDCL
_beng
041 _2eng
_aeng
082 _aX9:8.73'N9, N9
100 _aPetzinger Thomas
_9506678
245 0 _aNew pioneers
_b The Men and Women who are transforming the workplace and marketplace
260 _c1999
942 _hX9:8.73'N9, N9
_cTEXL
_2CC
999 _c825920
_d825920